| 000 | 00373nam a2200145Ia 4500 | ||
|---|---|---|---|
| 008 | 150201s1984 xx 000 0 und d | ||
| 082 |
_a617.695 _bA1984P |
||
| 100 | _aPHILLIPS | ||
| 245 | _aELEMENTS OF DENTAL MATERIALS | ||
| 250 | _a4TH | ||
| 260 |
_bW.B.SAUNDERS COMPANY _aPHILADILPHIA(U.S.A) _c1984 |
||
| 300 | _a1-399 | ||
| 650 | _aDENTAL MATERIAL | ||
| 942 |
_2ddc _cBK _01 |
||
| 999 |
_c2525 _d2525 |
||